[Event "World Chess Olympiad 2018"]
[Site "Batumi"]
[Date "2018.09.30"]
[Round "6"]
[Board "3"]
[WhiteFideId "10804714"]
[White "Methu Joseph Muragu"]
[BlackFideId "4404025"]
[Black "Martinez Romero Martin"]
[Result "0-1"]
[LiveChessVersion "1.4.8"]
[BlackElo "2438"]
[WhiteElo "2041"]

1. d4 {[%clk 1:30:40]} Nf6 {[%clk 1:30:37]} 2. c4 {[%clk 1:31:03]} e6
{[%clk 1:31:01]} 3. Nc3 {[%clk 1:29:33]} Bb4 {[%clk 1:30:16]} 4. e3
{[%clk 1:29:05]} O-O {[%clk 1:29:30]} 5. Bd3 {[%clk 1:29:01]} c5 {[%clk 1:27:10]}
6. Nge2 {[%clk 1:27:13]} d5 {[%clk 1:24:49]} 7. cxd5 {[%clk 1:26:55]} exd5
{[%clk 1:22:55]} 8. a3 {[%clk 1:25:52]} Bxc3+ {[%clk 1:17:26]} 9. bxc3
{[%clk 1:23:52]} b6 {[%clk 1:16:32]} 10. O-O {[%clk 1:23:12]} Ba6
{[%clk 1:15:34]} 11. f3 {[%clk 1:23:03]} Re8 {[%clk 1:12:29]} 12. Ng3
{[%clk 1:22:14]} Bxd3 {[%clk 1:12:31]} 13. Qxd3 {[%clk 1:22:19]} Nc6
{[%clk 1:12:56]} 14. Bb2 {[%clk 1:22:41]} c4 {[%clk 1:05:09]} 15. Qd2
{[%clk 1:16:44]} h5 {[%clk 1:03:08]} 16. Rae1 {[%clk 1:16:20]} h4
{[%clk 0:58:23]} 17. Nf5 {[%clk 1:14:57]} Ne7 {[%clk 0:57:57]} 18. Nxe7+
{[%clk 1:09:50]} Qxe7 {[%clk 0:55:14]} 19. Qf2 {[%clk 1:10:01]} Nh5
{[%clk 0:54:40]} 20. e4 {[%clk 1:09:26]} Nf4 {[%clk 0:54:45]} 21. Re3
{[%clk 0:57:39]} Qg5 {[%clk 0:53:43]} 22. Kh1 {[%clk 0:48:00]} Nd3
{[%clk 0:52:04]} 23. Rxd3 {[%clk 0:35:54]} cxd3 {[%clk 0:52:30]} 24. f4
{[%clk 0:36:08]} Qg4 {[%clk 0:52:23]} 25. e5 {[%clk 0:34:43]} a5 {[%clk 0:52:09]}
26. Re1 {[%clk 0:32:50]} Qf5 {[%clk 0:51:25]} 27. Bc1 {[%clk 0:32:24]} b5
{[%clk 0:50:54]} 28. Bd2 {[%clk 0:19:33]} Rac8 {[%clk 0:46:59]} 29. Qxh4
{[%clk 0:15:03]} b4 {[%clk 0:46:05]} 30. cxb4 {[%clk 0:15:23]} Rc2
{[%clk 0:46:12]} 31. g4 {[%clk 0:15:43]} Qh7 {[%clk 0:44:38]} 32. Qxh7+
{[%clk 0:08:39]} Kxh7 {[%clk 0:45:03]} 33. Rd1 {[%clk 0:09:05]} a4
{[%clk 0:45:14]} 34. b5 {[%clk 0:08:35]} Rb8 {[%clk 0:43:21]} 35. Bb4
{[%clk 0:08:45]} d2 {[%clk 0:43:10]} 36. Bxd2 {[%clk 0:09:10]} Rxb5
{[%clk 0:43:36]} 37. f5 Rbb2 {[%clk 0:42:53]} 38. Bf4 {[%clk 0:04:29]} Re2
{[%clk 0:41:41]} 39. Bg3 {[%clk 0:01:26]} Ra2 {[%clk 0:41:47]} 40. g5
{[%clk 0:31:43]} Rxa3 {[%clk 1:10:51]} 41. e6 {[%clk 0:20:28]} fxe6
{[%clk 1:09:25]} 42. f6 {[%clk 0:12:52]} gxf6 {[%clk 1:09:03]} 43. gxf6
{[%clk 0:13:17]} Rf3 {[%clk 1:09:05]} 44. Bd6 {[%clk 0:09:42]} a3
{[%clk 1:09:14]} 45. f7 {[%clk 0:09:57]} a2 {[%clk 1:09:17]} 0-1

[Event "World Chess Olympiad 2018"]
[Site "Batumi"]
[Date "2018.09.30"]
[Round "6"]
[Board "4"]
[WhiteFideId "4430492"]
[White "Cardoso Cardoso Jose Gabriel"]
[BlackFideId "10802185"]
[Black "Sang Ricky"]
[Result "1-0"]
[LiveChessVersion "1.4.8"]
[BlackElo "1959"]
[WhiteElo "2313"]

1. d4 {[%clk 1:30:56]} d5 {[%clk 1:30:51]} 2. c4 {[%clk 1:31:15]} c6
{[%clk 1:31:08]} 3. Nf3 {[%clk 1:31:33]} Nf6 {[%clk 1:31:31]} 4. e3
{[%clk 1:31:52]} e6 {[%clk 1:31:29]} 5. Bd3 {[%clk 1:32:10]} Nbd7
{[%clk 1:29:59]} 6. b3 {[%clk 1:32:12]} Bd6 {[%clk 1:28:35]} 7. Bb2
{[%clk 1:32:33]} b6 {[%clk 1:27:15]} 8. O-O {[%clk 1:31:37]} O-O {[%clk 1:26:53]}
9. Ne5 {[%clk 1:26:36]} Bb7 {[%clk 1:26:50]} 10. Nd2 {[%clk 1:26:44]} c5
{[%clk 1:25:38]} 11. f4 {[%clk 1:23:59]} Ne4 {[%clk 1:18:15]} 12. Nxe4
{[%clk 1:02:31]} dxe4 {[%clk 1:18:33]} 13. Bc2 {[%clk 1:02:29]} f5
{[%clk 1:05:22]} 14. Qe2 {[%clk 0:57:19]} Nf6 {[%clk 1:00:44]} 15. Rfd1
{[%clk 0:52:57]} Qe7 {[%clk 0:50:27]} 16. Rac1 {[%clk 0:43:05]} Rfd8
{[%clk 0:44:29]} 17. Bb1 {[%clk 0:39:52]} a5 {[%clk 0:36:39]} 18. a4
{[%clk 0:31:31]} Qc7 {[%clk 0:28:22]} 19. h3 {[%clk 0:30:27]} h5 {[%clk 0:17:47]}
20. Qf2 {[%clk 0:28:21]} Bxe5 {[%clk 0:15:55]} 21. dxe5 {[%clk 0:17:56]} Nh7
{[%clk 0:09:39]} 22. Qh4 {[%clk 0:18:18]} g6 {[%clk 0:08:57]} 23. Rd6
{[%clk 0:14:54]} Rxd6 {[%clk 0:07:40]} 24. exd6 {[%clk 0:15:20]} Qxd6
{[%clk 0:07:59]} 25. Be5 {[%clk 0:15:47]} Qd8 {[%clk 0:04:17]} 26. Qxd8+
{[%clk 0:13:43]} Rxd8 {[%clk 0:04:41]} 27. Bc7 {[%clk 0:13:51]} Ra8
{[%clk 0:03:32]} 28. Bxb6 {[%clk 0:14:07]} Nf6 {[%clk 0:03:38]} 29. Rd1
{[%clk 0:13:29]} Kf7 {[%clk 0:03:07]} 30. Bxc5 {[%clk 0:13:50]} Bc6
{[%clk 0:02:14]} 31. Rd6 {[%clk 0:13:34]} Be8 {[%clk 0:02:31]} 32. Kf2
{[%clk 0:11:07]} Nd7 {[%clk 0:02:37]} 33. Ba3 {[%clk 0:11:26]} Nf6
{[%clk 0:02:05]} 34. Bc2 {[%clk 0:11:17]} Nd7 {[%clk 0:02:12]} 35. Ke2
{[%clk 0:09:38]} Rc8 {[%clk 0:01:55]} 36. Ra6 {[%clk 0:09:28]} Nc5
{[%clk 0:02:04]} 37. Ra7+ {[%clk 0:09:52]} Kg8 {[%clk 0:01:55]} 38. Rxa5
{[%clk 0:09:52]} Nb7 {[%clk 0:02:00]} 39. Ra7 {[%clk 0:10:12]} Nd8
{[%clk 0:02:23]} 40. Re7 {[%clk 0:39:57]} Bf7 {[%clk 0:32:39]} 41. Bd6
{[%clk 0:40:05]} Nc6 {[%clk 0:29:03]} 42. Rc7 {[%clk 0:40:30]} Rxc7
{[%clk 0:29:23]} 43. Bxc7 {[%clk 0:40:56]} Kf8 {[%clk 0:29:50]} 44. Kd2
{[%clk 0:39:20]} Ke8 {[%clk 0:30:06]} 45. Kc3 {[%clk 0:39:33]} Kd7
{[%clk 0:30:26]} 46. Bb6 {[%clk 0:39:36]} Kc8 {[%clk 0:28:08]} 47. b4
{[%clk 0:39:53]} Kb7 {[%clk 0:28:34]} 48. Bc5 {[%clk 0:40:18]} Nb8
{[%clk 0:28:47]} 49. b5 {[%clk 0:40:37]} Be8 {[%clk 0:29:08]} 50. a5
{[%clk 0:40:58]} Nd7 {[%clk 0:29:21]} 51. a6+ {[%clk 0:41:19]} Ka8
{[%clk 0:29:42]} 52. Bd4 {[%clk 0:41:46]} Nb8 {[%clk 0:29:28]} 53. Kb4
{[%clk 0:42:03]} 1-0

[Event "World Chess Olympiad 2018"]
[Site "Batumi"]
[Date "2018.09.30"]
[Round "6"]
[Board "1"]
[WhiteFideId "503142"]
[White "Nyback Tomi"]
[BlackFideId "14114496"]
[Black "Yarmonov Igor"]
[Result "0-1"]
[LiveChessVersion "1.4.8"]
[BlackElo "2376"]
[WhiteElo "2579"]

1. d4 {[%clk 1:30:56]} d5 {[%clk 1:30:56]} 2. c4 {[%clk 1:31:12]} e6
{[%clk 1:30:57]} 3. Nf3 {[%clk 1:31:33]} Nf6 {[%clk 1:31:02]} 4. g3
{[%clk 1:31:58]} Be7 {[%clk 1:31:21]} 5. Bg2 {[%clk 1:32:22]} O-O
{[%clk 1:31:18]} 6. O-O {[%clk 1:32:46]} dxc4 {[%clk 1:31:37]} 7. Ne5
{[%clk 1:33:03]} Nc6 {[%clk 1:19:15]} 8. Nxc6 {[%clk 1:31:33]} bxc6
{[%clk 1:19:34]} 9. Na3 {[%clk 1:31:52]} Bxa3 {[%clk 0:53:57]} 10. bxa3
{[%clk 1:32:08]} Ba6 {[%clk 0:53:58]} 11. Qd2 {[%clk 1:31:08]} c3
{[%clk 0:49:40]} 12. Qxc3 {[%clk 1:30:44]} Bxe2 {[%clk 0:50:02]} 13. Re1
{[%clk 1:30:56]} Bb5 {[%clk 0:40:42]} 14. a4 {[%clk 1:29:42]} Bxa4
{[%clk 0:40:40]} 15. Qb4 {[%clk 1:29:07]} Bc2 {[%clk 0:25:02]} 16. Ba3
{[%clk 1:27:23]} Re8 {[%clk 0:20:15]} 17. Bxc6 {[%clk 1:27:15]} Nd5
{[%clk 0:17:30]} 18. Qd2 {[%clk 1:16:05]} Bf5 {[%clk 0:16:23]} 19. Bc5
{[%clk 0:59:35]} a6 {[%clk 0:16:37]} 20. f3 {[%clk 0:56:48]} Qf6 {[%clk 0:13:43]}
21. Re5 {[%clk 0:50:40]} Red8 {[%clk 0:11:40]} 22. Bxa8 {[%clk 0:49:34]} Rxa8
{[%clk 0:12:06]} 23. Rae1 {[%clk 0:49:48]} h6 {[%clk 0:12:00]} 24. h4
{[%clk 0:44:21]} Rb8 {[%clk 0:10:49]} 25. Kg2 {[%clk 0:39:54]} Qd8
{[%clk 0:08:56]} 26. h5 {[%clk 0:36:22]} Rb5 {[%clk 0:07:04]} 27. R5e2
{[%clk 0:28:53]} Qb8 {[%clk 0:05:59]} 28. g4 {[%clk 0:26:56]} Bb1
{[%clk 0:06:16]} 29. f4 {[%clk 0:25:28]} Qb7 {[%clk 0:03:38]} 30. Kg1
{[%clk 0:20:18]} Nf6 {[%clk 0:03:14]} 31. Rg2 {[%clk 0:17:09]} Be4
{[%clk 0:03:06]} 32. Rg3 {[%clk 0:16:48]} Rb2 {[%clk 0:02:38]} 33. Qe3
{[%clk 0:13:24]} Rxa2 {[%clk 0:02:22]} 34. d5 {[%clk 0:11:52]} Bxd5
{[%clk 0:01:39]} 35. Bd4 {[%clk 0:10:02]} Ne4 {[%clk 0:01:06]} 36. Rg2
{[%clk 0:10:02]} Rxg2+ {[%clk 0:01:03]} 37. Kxg2 {[%clk 0:10:25]} f5
{[%clk 0:00:53]} 38. Kg1 {[%clk 0:05:09]} fxg4 {[%clk 0:01:04]} 39. f5
{[%clk 0:03:39]} exf5 {[%clk 0:00:56]} 40. Qa3 {[%clk 0:33:29]} c5
{[%clk 0:30:58]} 0-1

[Event "World Chess Olympiad 2018"]
[Site "Batumi"]
[Date "2018.09.30"]
[Round "6"]
[Board "2"]
[WhiteFideId "13503391"]
[White "Gurbanov Andrei"]
[BlackFideId "502081"]
[Black "Karttunen Mika"]
[Result "1/2-1/2"]
[LiveChessVersion "1.4.8"]
[BlackElo "2472"]
[WhiteElo "2305"]

1. d4 {[%clk 1:30:44]} Nf6 {[%clk 1:30:50]} 2. c4 {[%clk 1:31:09]} c5
{[%clk 1:31:07]} 3. d5 {[%clk 1:31:20]} b5 {[%clk 1:31:24]} 4. Qc2
{[%clk 1:30:43]} b4 {[%clk 1:29:55]} 5. e4 {[%clk 1:27:15]} d6 {[%clk 1:30:19]}
6. Bd3 {[%clk 1:23:33]} g6 {[%clk 1:30:28]} 7. Nf3 {[%clk 1:21:39]} Bg7
{[%clk 1:29:58]} 8. O-O {[%clk 1:21:11]} O-O {[%clk 1:28:37]} 9. h3
{[%clk 1:20:39]} e5 {[%clk 1:26:40]} 10. dxe6 {[%clk 1:12:05]} Bxe6
{[%clk 1:26:44]} 11. Bf4 {[%clk 1:12:22]} Nc6 {[%clk 1:21:59]} 12. Rd1
{[%clk 1:11:15]} Nh5 {[%clk 1:17:44]} 13. Bh2 {[%clk 1:11:29]} Qf6
{[%clk 1:02:01]} 14. Bxd6 {[%clk 1:00:24]} Qxb2 {[%clk 1:02:21]} 15. Bxf8
{[%clk 0:59:17]} Rxf8 {[%clk 1:02:22]} 16. Nbd2 {[%clk 0:54:31]} Qxc2
{[%clk 1:01:44]} 17. Bxc2 {[%clk 0:54:55]} Bxa1 {[%clk 1:02:05]} 18. Rxa1 Nf4
{[%clk 0:49:31]} 19. Nb3 {[%clk 0:53:05]} Ne2+ {[%clk 0:49:17]} 20. Kh2
{[%clk 0:53:15]} Ned4 {[%clk 0:45:39]} 21. Bd3 {[%clk 0:49:49]} Nxf3+
{[%clk 0:35:21]} 22. gxf3 {[%clk 0:50:16]} Ne5 {[%clk 0:35:38]} 23. Nxc5
{[%clk 0:46:27]} Rc8 24. Nxe6 Nxd3 {[%clk 0:27:04]} 25. Rd1 {[%clk 0:43:25]} Nb2
{[%clk 0:25:45]} 26. Rb1 {[%clk 0:35:14]} fxe6 {[%clk 0:16:39]} 27. Rxb2
{[%clk 0:35:30]} Rxc4 {[%clk 0:17:07]} 28. Rd2 {[%clk 0:24:12]} a5
{[%clk 0:17:30]} 29. Rd8+ {[%clk 0:24:35]} Kf7 {[%clk 0:17:50]} 30. Ra8
{[%clk 0:25:00]} Rc5 {[%clk 0:18:10]} 31. Ra7+ {[%clk 0:23:05]} Ke8
{[%clk 0:17:57]} 32. h4 {[%clk 0:19:16]} h6 {[%clk 0:12:59]} 33. f4
{[%clk 0:17:57]} Kd8 {[%clk 0:13:13]} 34. Kg2 {[%clk 0:18:07]} Kc8
{[%clk 0:12:14]} 35. e5 {[%clk 0:18:31]} h5 {[%clk 0:11:02]} 36. Ra6
{[%clk 0:18:07]} Kd7 {[%clk 0:04:31]} 37. Rd6+ {[%clk 0:18:02]} Ke7
{[%clk 0:04:58]} 38. Ra6 {[%clk 0:17:59]} Rd5 {[%clk 0:04:27]} 39. Ra8
{[%clk 0:15:11]} Kd7 {[%clk 0:04:19]} 40. Ra6 {[%clk 0:45:23]} Ke7
{[%clk 0:33:39]} 41. Ra8 {[%clk 0:45:44]} Kd7 {[%clk 0:21:35]} 42. Ra6
{[%clk 0:46:05]} Rd4 {[%clk 0:19:50]} 43. Rxa5 {[%clk 0:41:48]} Rxf4
{[%clk 0:20:14]} 44. Kg3 {[%clk 0:41:40]} Rg4+ {[%clk 0:20:28]} 45. Kh3
{[%clk 0:42:03]} Kc6 {[%clk 0:20:28]} 46. f3 {[%clk 0:42:03]} Rg1
{[%clk 0:20:22]} 47. a4 {[%clk 0:33:30]} Ra1 {[%clk 0:13:21]} 48. Kg3
{[%clk 0:32:22]} Ra3 {[%clk 0:13:42]} 49. Kf4 {[%clk 0:28:37]} b3
{[%clk 0:10:36]} 50. Kg5 {[%clk 0:26:50]} b2 {[%clk 0:10:58]} 51. Rb5
{[%clk 0:27:15]} Rxf3 {[%clk 0:10:52]} 52. Kxg6 {[%clk 0:26:00]} Rf5
{[%clk 0:10:17]} 53. Rxb2 {[%clk 0:26:10]} Rxe5 {[%clk 0:10:41]} 54. Kf6
{[%clk 0:25:20]} Re4 {[%clk 0:10:11]} 55. Kg5 {[%clk 0:24:18]} Rxa4
{[%clk 0:07:52]} 1/2-1/2

[Event "World Chess Olympiad 2018"]
[Site "Batumi"]
[Date "2018.09.30"]
[Round "6"]
[Board "3"]
[WhiteFideId "509825"]
[White "Keinanen Toivo"]
[BlackFideId "4118464"]
[Black "Scerbin Dmitrij"]
[Result "1/2-1/2"]
[LiveChessVersion "1.4.8"]
[BlackElo "2264"]
[WhiteElo "2402"]

1. e4 {[%clk 1:30:50]} c5 {[%clk 1:30:52]} 2. Nc3 {[%clk 1:31:14]} Nc6
{[%clk 1:29:43]} 3. Nge2 {[%clk 1:31:38]} e5 {[%clk 1:27:11]} 4. Nd5
{[%clk 1:31:51]} Nf6 {[%clk 1:21:58]} 5. Nec3 {[%clk 1:30:28]} Be7
{[%clk 1:18:37]} 6. Bc4 {[%clk 1:28:17]} O-O {[%clk 1:18:12]} 7. d3
{[%clk 1:26:24]} Nxd5 {[%clk 1:16:39]} 8. Nxd5 {[%clk 1:25:49]} Bg5
{[%clk 1:14:59]} 9. f4 {[%clk 1:14:01]} exf4 {[%clk 1:14:50]} 10. Nxf4
{[%clk 1:13:00]} Ne5 {[%clk 1:06:30]} 11. Bd5 {[%clk 1:10:50]} d6
{[%clk 1:04:24]} 12. O-O {[%clk 1:10:35]} Rb8 {[%clk 0:58:24]} 13. Bd2
{[%clk 1:06:20]} Bg4 {[%clk 0:55:41]} 14. Qe1 {[%clk 1:02:35]} Bh4
{[%clk 0:52:17]} 15. Qe3 {[%clk 1:01:47]} b5 {[%clk 0:49:27]} 16. c3
{[%clk 0:55:54]} Bg5 {[%clk 0:45:52]} 17. d4 {[%clk 0:50:47]} cxd4
{[%clk 0:37:20]} 18. cxd4 {[%clk 0:51:12]} Ng6 {[%clk 0:37:11]} 19. Qb3
{[%clk 0:46:17]} Bxf4 {[%clk 0:34:25]} 20. Bxf4 {[%clk 0:46:35]} Be2
{[%clk 0:34:41]} 21. Rf2 {[%clk 0:41:18]} Nxf4 {[%clk 0:32:31]} 22. Rxf4
{[%clk 0:41:36]} Bc4 {[%clk 0:32:48]} 23. Bxc4 {[%clk 0:41:11]} bxc4
{[%clk 0:32:59]} 24. Qxc4 {[%clk 0:37:43]} Rxb2 {[%clk 0:31:31]} 25. Raf1
{[%clk 0:35:01]} Qg5 {[%clk 0:30:00]} 26. g3 {[%clk 0:33:43]} Qe7
{[%clk 0:22:57]} 27. Qd5 {[%clk 0:31:57]} h6 {[%clk 0:22:30]} 28. Rf5
{[%clk 0:27:12]} Re2 {[%clk 0:20:07]} 29. R5f4 {[%clk 0:23:40]} Qc7
{[%clk 0:17:10]} 30. R4f2 {[%clk 0:20:47]} Rxf2 {[%clk 0:17:21]} 31. Rxf2
{[%clk 0:21:08]} Re8 {[%clk 0:17:31]} 32. Kg2 {[%clk 0:20:19]} Re6
{[%clk 0:16:08]} 33. Qa8+ {[%clk 0:18:30]} Kh7 {[%clk 0:16:34]} 34. Qd5
{[%clk 0:18:57]} Qe7 {[%clk 0:14:47]} 35. Qf5+ {[%clk 0:14:26]} Kg8
{[%clk 0:15:13]} 36. Re2 {[%clk 0:13:46]} Qb7 {[%clk 0:14:53]} 37. Qf3
{[%clk 0:13:31]} Qb4 {[%clk 0:10:35]} 38. Qd3 {[%clk 0:13:03]} Re8
{[%clk 0:09:49]} 39. Rc2 {[%clk 0:09:12]} Qb1 {[%clk 0:08:25]} 40. Qc4
{[%clk 0:33:07]} Qb7 {[%clk 0:37:06]} 41. Qd5 {[%clk 0:30:32]} Qe7
{[%clk 0:26:16]} 42. Re2 {[%clk 0:30:21]} Qc7 {[%clk 0:20:37]} 43. Rb2
{[%clk 0:29:35]} Qe7 {[%clk 0:17:26]} 44. Re2 {[%clk 0:30:00]} Qc7
{[%clk 0:17:06]} 45. Rb2 {[%clk 0:28:29]} Qe7 {[%clk 0:17:10]} 46. Re2
{[%clk 0:23:36]} 1/2-1/2

[Event "World Chess Olympiad 2018"]
[Site "Batumi"]
[Date "2018.09.30"]
[Round "6"]
[Board "4"]
[WhiteFideId "14511444"]
[White "Glazar Domagoj"]
[BlackFideId "505455"]
[Black "Sipila Vilka"]
[Result "0-1"]
[LiveChessVersion "1.4.8"]
[BlackElo "2381"]
[WhiteElo "2145"]

1. d4 {[%clk 1:30:55]} Nf6 {[%clk 1:30:56]} 2. c4 {[%clk 1:31:14]} e6
{[%clk 1:31:22]} 3. Nc3 {[%clk 1:31:33]} Bb4 {[%clk 1:31:47]} 4. Qc2
{[%clk 1:31:49]} O-O {[%clk 1:32:13]} 5. e4 {[%clk 1:31:55]} c5 {[%clk 1:20:27]}
6. dxc5 {[%clk 1:29:14]} Bxc5 {[%clk 1:18:16]} 7. Nf3 {[%clk 1:26:28]} d5
{[%clk 1:03:14]} 8. Bd3 {[%clk 1:13:54]} dxe4 {[%clk 1:00:32]} 9. Bxe4
{[%clk 1:12:19]} Nxe4 {[%clk 0:52:00]} 10. Nxe4 {[%clk 1:12:25]} Bb4+
{[%clk 0:51:43]} 11. Bd2 {[%clk 1:11:43]} Bxd2+ {[%clk 0:49:18]} 12. Qxd2
{[%clk 1:11:34]} Nc6 {[%clk 0:33:58]} 13. Rd1 {[%clk 1:05:46]} Qb6
{[%clk 0:31:21]} 14. O-O {[%clk 1:04:19]} e5 {[%clk 0:31:40]} 15. Qc3
{[%clk 0:57:56]} Bg4 {[%clk 0:30:59]} 16. Rd2 {[%clk 0:55:32]} Rae8
{[%clk 0:17:59]} 17. h3 {[%clk 0:44:16]} Bxf3 {[%clk 0:15:54]} 18. Qxf3
{[%clk 0:37:51]} Nd4 {[%clk 0:16:15]} 19. Qe3 {[%clk 0:36:26]} Qc6
{[%clk 0:16:25]} 20. b3 {[%clk 0:35:07]} f5 {[%clk 0:03:03]} 21. Nc3
{[%clk 0:34:18]} Qc5 {[%clk 0:03:01]} 22. Kh1 {[%clk 0:30:09]} b6
{[%clk 0:02:04]} 23. f4 {[%clk 0:26:21]} Nxb3 {[%clk 0:02:14]} 24. Qxc5
{[%clk 0:26:30]} Nxc5 {[%clk 0:02:41]} 25. fxe5 {[%clk 0:25:59]} Rxe5
{[%clk 0:03:03]} 26. Rd5 {[%clk 0:24:14]} Re3 {[%clk 0:02:45]} 27. Nb5
{[%clk 0:23:19]} Ne4 {[%clk 0:03:04]} 28. Kh2 {[%clk 0:22:37]} f4
{[%clk 0:03:28]} 29. Nxa7 {[%clk 0:21:10]} Re2 {[%clk 0:03:48]} 30. Kg1
{[%clk 0:20:27]} Ng3 {[%clk 0:01:02]} 31. Rfd1 {[%clk 0:19:38]} Rxa2
{[%clk 0:00:53]} 32. Nc6 {[%clk 0:18:22]} h6 {[%clk 0:01:08]} 33. Ne5
{[%clk 0:15:49]} Kh7 {[%clk 0:01:22]} 34. R5d2 {[%clk 0:13:31]} Rxd2
{[%clk 0:01:27]} 35. Rxd2 {[%clk 0:13:48]} Re8 {[%clk 0:01:19]} 36. Nf3
{[%clk 0:12:07]} Rc8 {[%clk 0:01:20]} 37. Rc2 {[%clk 0:11:16]} Ra8
{[%clk 0:01:03]} 38. Kf2 {[%clk 0:09:08]} Ra1 {[%clk 0:01:27]} 39. Nd2
{[%clk 0:08:12]} Rd1 {[%clk 0:01:11]} 40. Kf3 {[%clk 0:36:57]} g5
{[%clk 0:31:36]} 41. h4 {[%clk 0:36:05]} Nf5 {[%clk 0:27:31]} 42. Ke2
{[%clk 0:29:45]} Rg1 {[%clk 0:25:21]} 43. Kf2 {[%clk 0:30:02]} Rxg2+
{[%clk 0:24:54]} 44. Kxg2 {[%clk 0:30:24]} Ne3+ {[%clk 0:25:21]} 45. Kf3
{[%clk 0:30:24]} Nxc2 {[%clk 0:25:48]} 46. hxg5 {[%clk 0:30:19]} hxg5
{[%clk 0:26:15]} 47. c5 {[%clk 0:27:10]} bxc5 {[%clk 0:23:54]} 48. Ne4
{[%clk 0:26:58]} Kg6 {[%clk 0:21:38]} 49. Nxc5 {[%clk 0:27:04]} Kf5
{[%clk 0:22:04]} 50. Nb3 {[%clk 0:26:43]} g4+ {[%clk 0:22:28]} 51. Kf2
{[%clk 0:26:27]} g3+ {[%clk 0:22:06]} 52. Kg2 {[%clk 0:24:02]} Kg4
{[%clk 0:22:29]} 53. Nd2 {[%clk 0:23:09]} f3+ {[%clk 0:22:49]} 54. Kg1
{[%clk 0:21:10]} f2+ {[%clk 0:22:24]} 55. Kg2 {[%clk 0:18:13]} Ne3+
{[%clk 0:22:38]} 0-1

[Event "World Chess Olympiad 2018"]
[Site "Batumi"]
[Date "2018.09.30"]
[Round "6"]
[Board "1"]
[WhiteFideId "12600083"]
[White "Hasford John Kojo"]
[BlackFideId "4107101"]
[Black "Meshkov Yuri A."]
[Result "1-0"]
[LiveChessVersion "1.4.8"]
[BlackElo "2313"]
[WhiteElo "2042"]

1. d4 {[%clk 1:30:49]} Nf6 {[%clk 1:30:51]} 2. Nf3 {[%clk 1:30:46]} e6
{[%clk 1:29:06]} 3. c4 {[%clk 1:30:55]} Bb4+ {[%clk 1:24:10]} 4. Nbd2
{[%clk 1:29:23]} b6 {[%clk 1:21:46]} 5. Qb3 {[%clk 1:28:57]} a5 {[%clk 1:20:46]}
6. a3 {[%clk 1:28:45]} Bxd2+ {[%clk 1:20:37]} 7. Bxd2 {[%clk 1:27:53]} Bb7
{[%clk 1:20:23]} 8. Bg5 {[%clk 1:27:05]} h6 {[%clk 1:17:54]} 9. Bh4
{[%clk 1:26:17]} a4 {[%clk 1:16:14]} 10. Qd3 {[%clk 1:23:08]} g5 {[%clk 1:16:23]}
11. Bg3 {[%clk 1:21:42]} d6 {[%clk 1:13:42]} 12. h4 {[%clk 1:20:03]} Rg8
{[%clk 1:14:07]} 13. hxg5 {[%clk 1:18:52]} hxg5 {[%clk 1:14:19]} 14. Nd2
{[%clk 1:18:27]} Nbd7 {[%clk 1:14:25]} 15. e4 {[%clk 1:18:11]} e5
{[%clk 1:13:31]} 16. d5 {[%clk 1:16:28]} Nc5 {[%clk 1:13:45]} 17. Qc2
{[%clk 1:14:12]} Ke7 {[%clk 1:13:40]} 18. Be2 {[%clk 1:10:20]} Rh8
{[%clk 1:14:02]} 19. O-O-O {[%clk 1:10:14]} Qd7 {[%clk 1:13:30]} 20. Kb1
{[%clk 1:07:18]} Rag8 {[%clk 1:12:53]} 21. Rde1 {[%clk 1:03:57]} Qe8
{[%clk 1:12:48]} 22. Bd1 {[%clk 1:03:52]} Rxh1 {[%clk 1:13:12]} 23. Rxh1
{[%clk 1:03:52]} Rh8 {[%clk 1:12:39]} 24. Rg1 {[%clk 1:01:03]} Bc8
{[%clk 1:11:11]} 25. f3 {[%clk 1:00:09]} Bd7 {[%clk 1:08:05]} 26. Bf2
{[%clk 0:59:30]} Nb7 {[%clk 1:04:46]} 27. Qc3 {[%clk 0:57:49]} Qa8
{[%clk 1:04:09]} 28. Qe3 {[%clk 0:57:18]} Qg8 {[%clk 1:00:34]} 29. Ka2
{[%clk 0:53:58]} Qg6 {[%clk 1:00:04]} 30. Nb1 {[%clk 0:53:35]} g4
{[%clk 0:59:07]} 31. Nc3 {[%clk 0:53:06]} Nc5 {[%clk 0:55:34]} 32. Qd2
{[%clk 0:51:21]} Rh2 {[%clk 0:55:46]} 33. Bxc5 {[%clk 0:50:21]} bxc5
{[%clk 0:52:10]} 34. Qe3 {[%clk 0:49:20]} g3 {[%clk 0:52:29]} 35. Bxa4
{[%clk 0:48:26]} Bxa4 {[%clk 0:52:50]} 36. Nxa4 {[%clk 0:48:23]} Nh5 37. Nc3
{[%clk 0:46:40]} Nf4 {[%clk 0:39:52]} 38. Qd2 Nh3 {[%clk 0:38:11]} 39. Rb1
{[%clk 0:46:47]} Qh5 40. Nb5 {[%clk 1:16:28]} Qxf3 {[%clk 1:04:40]} 41. Qa5
{[%clk 1:16:43]} Rxg2 {[%clk 1:03:11]} 42. Qxc7+ {[%clk 1:17:03]} Kf6
{[%clk 0:53:23]} 43. Nxd6 {[%clk 1:15:47]} Ng5 44. Qd8+ {[%clk 1:12:03]} Kg6
{[%clk 0:53:50]} 45. Qg8+ {[%clk 1:10:38]} Kh5 46. Qh8+ {[%clk 1:07:05]} Kg4
{[%clk 0:43:57]} 47. Qc8+ {[%clk 1:06:55]} Kh5 {[%clk 0:44:15]} 48. Rh1+
{[%clk 1:05:12]} Rh2 {[%clk 0:44:32]} 49. Rxh2+ {[%clk 1:05:05]} gxh2
{[%clk 0:45:00]} 50. Qh8+ {[%clk 1:05:17]} Kg4 {[%clk 0:34:59]} 51. Qxh2
{[%clk 1:05:06]} f6 {[%clk 0:35:17]} 52. Qg1+ {[%clk 1:05:02]} Kh3 53. Qxc5
{[%clk 1:05:16]} Qd1 {[%clk 0:33:44]} 54. Qe3+ {[%clk 1:05:03]} Kg4 55. c5
{[%clk 1:05:11]} Nf3 {[%clk 0:29:19]} 56. Nc4 {[%clk 1:05:41]} Qc2
{[%clk 0:27:02]} 57. Qc3 {[%clk 1:04:02]} Qxe4 {[%clk 0:25:58]} 58. c6
{[%clk 1:03:32]} Nd4 59. c7 {[%clk 1:01:34]} 1-0

[Event "World Chess Olympiad 2018"]
[Site "Batumi"]
[Date "2018.09.30"]
[Round "6"]
[Board "2"]
[WhiteFideId "14114879"]
[White "Grigorchuk Sergey"]
[BlackFideId "12600407"]
[Black "Mensah Joseph Jamena"]
[Result "1-0"]
[LiveChessVersion "1.4.8"]
[BlackElo "1999"]
[WhiteElo "2288"]

1. d4 d5 2. c4 c6 3. Nc3 Nf6 4. e3 a6 5. Nf3 Bg4 6. Qb3 b6 7. Ne5 e6 8. cxd5 exd5
9. Bd3 Bd6 10. O-O O-O 11. e4 Be6 12. Qc2 h6 13. h3 Bxe5 14. dxe5 dxe4 15. Nxe4
Nd5 16. Qe2 Qh4 17. f4 Bf5 18. Nf6+ Nxf6 19. Bxf5 Nd5 20. Bc2 Nd7 21. Qe4 g6 22.
Bd2 Nc5 23. Qf3 Ne6 24. Be4 Rad8 25. Rad1 Rd7 26. Kh2 Nd4 27. Qd3 c5 28. Be1 Qe7
29. Bc3 Rfd8 30. Bxd4 Nb4 31. Qb3 Rxd4 32. Rxd4 Rxd4 33. Bxg6 Kg7 34. Bb1 Nd5 35.
Qg3+ Kf8 36. f5 Qg5 37. Qf3 Qf4+ 38. Qxf4 Nxf4 39. Rf2 Ke7 40. g4 c4 41. Kg3 Nd3
42. Rd2 Re4 43. Bxd3 cxd3 44. Rxd3 Rxe5 45. Kf4 Rb5 46. Rb3 Rxb3 47. axb3 f6 48.
h4 Kf7 49. g5 fxg5+ 50. hxg5 hxg5+ 51. Kxg5 Kg7 52. b4 Kf7 53. Kf4 Kf6 54. Ke4 a5
55. b5 a4 56. Kf4 Kf7 57. Ke5 Ke7 58. Kd5 1-0

[Event "World Chess Olympiad 2018"]
[Site "Batumi"]
[Date "2018.09.30"]
[Round "6"]
[Board "3"]
[WhiteFideId "12600148"]
[White "Anquandah Francis Eric"]
[BlackFideId "1103520"]
[Black "Dukaczewski Piotr"]
[Result "0-1"]
[LiveChessVersion "1.4.8"]
[BlackElo "2259"]
[WhiteElo "1992"]

1. e4 c5 2. Nf3 Nc6 3. d4 cxd4 4. Nxd4 Nf6 5. Nc3 d6 6. Bc4 Qb6 7. Nb3 e6 8. Qe2
a6 9. Be3 Qc7 10. O-O b5 11. Bd3 Bb7 12. a3 Be7 13. f4 O-O 14. h3 Rac8 15. Nd4
Rfe8 16. Rae1 Nxd4 17. Bxd4 e5 18. Be3 Qa5 19. Qf2 Bd8 20. g4 Nd7 21. Nd5 Bxd5
22. exd5 e4 23. Bd2 Qa4 24. b3 Qxa3 25. Rxe4 Bb6 26. Be3 Nc5 27. Rxe8+ Rxe8 28.
Re1 Nxd3 29. cxd3 Bxe3 30. Kg2 Qc5 31. Qf3 Kf8 32. g5 Qd4 33. Qh5 Qxd5+ 34. Qf3
Qxf3+ 35. Kxf3 Bxf4 36. Ra1 Bxg5 37. Rxa6 Re3+ 38. Kg4 h6 39. h4 Bf6 40. Rxd6 Be5
41. Rd5 g6 0-1